000 00489cam a2200193ua 4500
001 8393
008 150129n up |||gr||||Z||||||eng
020 _a9781848855168
040 _cMAIN
041 _aeng
082 _a823
100 _aRobinson, A.,
_eAuthor.
245 1 _aTheapu trilogy :
_bSatyajit Ray and the making of an epic /
_cBy Andrew Robinson .
250 _a1st.
260 _aNew York:
_bI.B.,
_c2011.
300 _axii,212p.
653 _aEnglish fiction
942 _cBK
999 _c7502
_d7502